Nová hrozba pre družstvá Fond národného majetku ponúka majiteľom DPL ich bezodplatný prevod na účet FNM

Bibliographic Details
Main Author: Lettrich, Roman (Author)
Format: Article
Language:Slovak
ISSN:1335-440X
Subjects:

MARC

LEADER 00000nab a2200000 ar4500
001 vtls009966252
003 SK-MaSNL
005 20260305005420.0
008 091103c20091016xo |||||||||||000 b|slo
015 |a SNBRB2009/11  |2 snkbucl 
038 |a SNKBUCL 
040 |a SNKBUCL  |b slo  |c SNKBUCL  |e AACR2 
041 0 |a slo 
044 |a xo  |c SK 
080 |a 336.763.3  |x (437.6)  |2 1997 
080 |a 347.726.034  |x (437.6)  |2 1997 
100 1 |a Lettrich, Roman  |4 aut  |9 856760 
245 1 0 |a Nová hrozba pre družstvá  |b Fond národného majetku ponúka majiteľom DPL ich bezodplatný prevod na účet FNM  |c Roman Lettrich 
610 2 7 |a Centrálny depozitár cenných papierov Slovenskej republiky (Bratislava, Slovensko)  |2 snkbucl  |9 856924 
610 2 7 |a Fond národného majetku Slovenskej republiky  |2 snkbucl  |9 179298 
650 0 7 |a družstevné podielnické listy  |2 snkbucl  |9 1052370 
651 7 |a Slovensko  |2 snkbucl 
773 0 |t Sme. Roľnícke noviny  |g Č. 239 (16.10.2009)  |x 1335-440X 
773 0 8 |i Príl.:  |t Roľnícke noviny  |g Č. 42 (16.10.2009), s. 1 a 5 
852 |a SNK  |b KIS3GCP 
958 |a SK 
999 |c 3240321  |d 3242251